MESTSKÁ KNIŽNICA GIRALTOVCE  - online katalóg 

Klavírna škola pre začiatočníkov (Record no. 15243)

000 -NÁVESTIE
fixed length control field 00942nam a2200277 a 4500
008 - ÚDAJE S PEVNOU DĹŽKOU – VŠEOBECNÉ INFORMÁCIE
fixed length control field 960514s1990||||[C 0 slo c
020 ## - MEDZINÁRODNÉ ŠTANDARDNÉ ČÍSLO KNIHY (ISBN)
Medzinárodné štandardné číslo knihy (ISBN) 8070930438
Údaje o dostupnosti 22 Kčs.
Qualifying information (10 000 výtl.)
040 ## - ZDROJ KATALOGIZÁCIE
Pôvodná katalogizujúca agentúra SNK
Jazyk katalogizácie slo
Prepisujúca agentúra SNK
Konvencie popisu AACR2
041 1# - KÓD JAZYKA
Kód jazyka textu/zvukovej stopy alebo samostatných nápisov slo
044 ## - KÓD KRAJINY VYDAVATEĽA/PRODUCENTA
Kód krajiny MARC xo
Kód krajiny ISO SK
080 ## - ČÍSLO MEDZINÁRODNÉHO DESATINNÉHO TRIEDENIA (MDT)
Číslo Medzinárodného desatinného triedenia (MDT) 786.2.087.5
100 1# - OSOBNÉ MENÁ – VŠEOBECNÉ INFORMÁCIE
Osobné meno Böhmová, Z.
Kód roly aut
245 10 - NÁZOV
Názov Klavírna škola pre začiatočníkov
Médium Hudobnina
Údaj o zodpovednosti atď. Z. Böhmová, A. Grünfeldová, A. Sarauer ; Zdenka Böhmová, Arnoštka Grünfeldová, Alois Sarauer
250 ## - ÚDAJ O PORADÍ VYDANIA
Údaj o poradí vydania 13., vyd.
260 ## - VYDAVATEĽSKÉ ÚDAJE, DISTRIBÚCIA ATĎ.
Miesto publikovania, distribúcie atď. Bratislava
Názov vydavateľa, distibútora atď. Opus [vyd.]
Dátum publikovania, distribúcie atď. 1990
Miesto výroby Partizánske
Výrobca Západoslovenské tlačiarne
300 ## - FYZICKÝ POPIS
Rozsah 128 s.
Rozmery 30,5x22,5 cm
500 ## - VŠEOBECNÁ POZNÁMKA
Formátovaná poznámka o obsahu Hudobnina. Venovanie.
500 ## - VŠEOBECNÁ POZNÁMKA
Formátovaná poznámka o obsahu Obál. Vladimír Janský.
700 1# - PRIDANÝ VSTUP – OSOBNÉ MENO
Osobné meno Grünfeldová, A.
Kód roly aut
700 1# - PRIDANÝ VSTUP – OSOBNÉ MENO
Osobné meno Sarauer, A.
Kód roly aut
700 1# - PRIDANÝ VSTUP – OSOBNÉ MENO
Osobné meno Böhmová, Zdenka
Kód roly aut
700 1# - PRIDANÝ VSTUP – OSOBNÉ MENO
Osobné meno Grünfeldová, Arnoštka
Kód roly aut
700 1# - PRIDANÝ VSTUP – OSOBNÉ MENO
Osobné meno Sarauer, Alois
Kód roly aut
924 ## -
-- klavír
958 ## - Formálny deskriptor
Formálny deskriptor H
Holdings
Stav stiahnutia (Blokovanie) (Withrawn status) Stav straty Stav poškodenia (Damaged status) Nie pre výpožičky (Not for loan) Spôsob nadobudnutia (Collection code) Trvalé umiestnenie Aktuálne umiestnenie Dátum nadobudnutia Náklady, bežná kúpna cena Inventárne číslo (prírastkové číslo) Full call number Dátum posledného výskytu Cena s účinnosťou od Typ jednotky Koha
        Kúpa Mestská knižnica Giraltovce Mestská knižnica Giraltovce 2019-11-29 22.00 14278 I 0334 2019-11-29 2019-11-29 Odborná literatúra pre dospelých

Powered by Koha